000 00671nam a2200241Ia 4500
003 OSt
005 20220924143615.0
006 a|||||r|||| 00| 0
007 ta
008 220923b |||||||| |||| 00| 0 urd d
024 _a309226
037 _cTextual
040 _aARTS
_cARTS
_burd
041 _2urd
_aurd
082 _aO1591,N37,1, 168M4
100 _aMahapatra Seetakant
_9216465
245 0 _aLafzon ka aasman
260 _c1984
650 _aENGLISH LITERATURE
700 _a Karamat Karamat Ali Tr.
_9216466
942 _hO1591,N37,1, 168M4
_cTEXL
_2CC
999 _c455201
_d455201